First aid for colleges and universities / (رقم التسجيلة. 21428)

تفاصيل مارك
000 -الفاتح
حقل البيانات ثابتة الطول 00932cam a2200289 a 4500
001 - رقم الضبط
رقم الضبط 16658687
003 - محدد رقم الضبط
رقم الضبط OSt
005 - وقت وتاريخ اخر تعامل مع التسجيلة
رقم الضبط 20150408114013.0
008 - عناصر البيانات ثابتة الطول - معلومات عامة
حقل البيانات ثابتة الطول 110218s2012 maua 001 0 eng
010 ## - رقم ضبط مكتبة الكونجرس
رقم ضبط مكتبة الكونجرس 2011004216
020 ## - الرقم الدولى المعيارى للكتب
الرقم الدولى المعيارى للكتاب 9780321732590 (pbk.)
020 ## - الرقم الدولى المعيارى للكتب
الرقم الدولى المعيارى للكتاب 0321732596
040 ## - مصدر الفهرسة
وكالة الفهرسة الأصلية DLC
وكالة النسخ DLC
وكالة التعديل DLC
042 ## - رمز التحقق
رمز التحقق pcc
050 00 - رقم طلب مكتبة الكونجرس
رقم التصنيف RC86.7
رقم المادة .H339 2012
082 00 - رقم تصنيف ديوى العشرى
رقم التصنيف 616.0252
رقم الطبعة 22
245 00 - بيان العنوان
العنوان First aid for colleges and universities /
بيان المسئوليه,etc Keith J. Karren ... [et al.].
250 ## - بيان الطبعة
بيان الطبعة 10th ed.
260 ## - PUBLICATION, DISTRIBUTION, ETC. (IMPRINT)
مكان الناشر او الموزع Boston :
اسم الناشر او الموزع Benjamin Cummings,
تاريخ النشر أو التوزيع c2012.
300 ## - الوصف المادى
التعداد xx, 530 p. :
تفاصيل ماديه اخرى للوعاء col. ill. ;
أبعاد الوعاء 28 cm.
500 ## - تبصرة عامة
تبصرة عامة Includes index.
650 #0 - المدخل الاضافى بالموضوع-مصطلح موضوعى
مصطلح موضوعي أو اسم جغرافي كعنصر مدخل First aid in illness and injury.
650 #0 - المدخل الاضافى بالموضوع-مصطلح موضوعى
مصطلح موضوعي أو اسم جغرافي كعنصر مدخل Emergency medicine.
9 (RLIN) 5295
700 1# - المدخل الاضافى - اسم شخصى
الإسم الشخصى Karren, Keith J.
9 (RLIN) 10615
942 ## - عناصر المدخل الإضافي( كوها)
مصدر التصنيف او مخطط الترفيف Dewey Decimal Classification
Koha [default] item type كتاب
المقتنيات
حالة الفقد نموذج السعر الفعال حالة تلف ليس للاعارة رقم الطلب تاريخ الاكتساب الموقع الحالي الباركود الفرع الرئيسي Date last seen نوع المادة فى نظام كوها مصدر التصنيف او خطة الترفيف Total Checkouts
  2013-03-10     616.0252 J K F 2012-04-10 مكتبة مجمع الطالبات بالمجمعة (EMF) 00076717 مكتبة مجمع الطالبات بالمجمعة (EMF) 2013-03-10 كتاب Dewey Decimal Classification  
  2013-03-10     616.0252 J K F 2012-04-10 مكتبة مجمع الطالبات بالمجمعة (EMF) 00076716 مكتبة مجمع الطالبات بالمجمعة (EMF) 2013-03-10 كتاب Dewey Decimal Classification